| 000 | 004930000a22001810004500 | ||
|---|---|---|---|
| 003 | MACL | ||
| 005 | 20151229174135.0 | ||
| 008 | 151229b xxu||||| |||| 00| 0 eng d | ||
| 040 |
_aMACL _cMACL |
||
| 041 | _aEnglish | ||
| 082 | _a181.4/SAS | ||
| 100 |
_aSastri, Prof S Kuppuswami _924460 |
||
| 245 | _aCompromises in the History of Advaitic Thought | ||
| 260 |
_bThe Kuppuswami Sastri Research Institute _c1946 |
||
| 350 | _a1 | ||
| 650 |
_aPhilosophy _924461 |
||
| 942 |
_cBK _k181.4/SAS _2ddc |
||
| 999 |
_c38571 _d38571 |
||